000 00909cam a22002294a 4500
001 3069801
005 20241104172751.0
008 970307s1997 enka be 001 0 eng
020 _a1861521146
050 0 0 _aHF1001
_b.I53 1997b
082 0 0 _a650/.03
_221
245 0 0 _aConcise international encyclopedia of business and management /
_cedited by Malcolm Warner.
250 _a1st ed.
260 _aLondon, UK ;
_aBoston, Mass :
_bInternational Thomson Business Press,
_cc1997.
300 _axii, 788 p. :
_bill. ;
_c26 cm.
500 _aConcise ed., with updated versions of 65 articles, of: International encyclopedia of business and management / edited by Malcolm Warner. 1996.
650 0 _aBusiness
_vEncyclopedias.
650 0 _aManagement
_vEncyclopedias.
700 1 _aWarner, Malcolm.
856 4 1 _3Table of contents
_uhttp://www.loc.gov/catdir/toc/fy044/97010307.html
942 _2lcc
_cBK
_e1st Ed.
_n0
999 _c603
_d603